000 00680nam a2200253Ia 4500
005 20250425162320.0
008 250425s9999 xx 000 0 und d
020 _a9586484653
041 _aspa
043 _ack
082 _a657.42
100 _aCUERVO TAFUR, JOAQUIN
245 0 _aCOSTEO BASADO EN ACTIVIDADES -ABC- GESTION BASADA EN ACTIVIDADES -ABM-
250 _a1A ED.
260 _aBOGOTA
260 _aColombia
_bECOE EDICIONES LTDA.
_c2007
300 _a262
500 _aCOLECCION TEXTOS UNIVERSITARIOS
650 _aCONTABILIDAD ADMINISTRATIVA
650 _aCONTABILIDAD DE COSTOS
710 _aECOE EDICIONES LTDA
942 _c01
010 _a61385
999 _c226697
_d226697